00488nam a2200157 a 450000100100000000500170001000800410002704000250006808200160009324500280010926000720013730000200020949000360022950400290026583000360029400002962220200930055702.0110419s198? dr ac 000 0 spa d aDO-SdBNPbspacBNPHU axxxxbP964a00aProducción apícola. aSanto Domingo :bFunadción de Desarrollo Agropecuario :,c[198?]. a60 p. ;c28 cm.1 aGuía técnicav2 .aPecuaria aBibliogarfía: p. 59-60 0aGuía técnicav2 .pPecuaria